Zmluvy v miestnej samospráve

Základné informácie o zmluvách, ktoré sú potrebné na zorientovanie sa a upozornenie na nedorozumenia hroziace pri aplikácii príslušných právnych predpisov. Praktické odporúčania k procesu vyjednávania o obsahu zmlúv.

Salvato in:
Dettagli Bibliografici
Autore principale: Briestenský, Ladislav
Natura: Capitolo di libro
Lingua:slovacco
Soggetti:
Tags: Aggiungi Tag
Nessun Tag, puoi essere il primo ad aggiungerne!!

MARC

LEADER 00000naa a2200000 4500
001 0224175
005 20221019163321.8
041 0 |a slo 
044 |a SK 
245 1 0 |a Zmluvy v miestnej samospráve  |c Ladislav Briestenský 
520 |a Základné informácie o zmluvách, ktoré sú potrebné na zorientovanie sa a upozornenie na nedorozumenia hroziace pri aplikácii príslušných právnych predpisov. Praktické odporúčania k procesu vyjednávania o obsahu zmlúv. 
610 2 0 |a samospráva miestna 
610 2 0 |a legislatíva 
610 2 0 |a zmluvy 
610 2 0 |a právo verejné 
100 1 |a Briestenský, Ladislav